Logo BPK

Biblioteka

Politechniki Koszalińskiej

Managing expert systems / (Rekord nr 28775)

Szczegóły MARC
000 -ETYKIETA REKORDU
podpole kontrolne o stałej długości 00359nam a2200157 i 4500
001 - NUMER KONTROLNY REKORDU
pole kontrolne bg
040 ## - ŹRÓDŁO KATALOGOWANIA
Instytucja, która utworzyła rekord BPK
041 ## - KOD JĘZYKA
Kod języka tekstu pol
080 ## - UNIWERSALNA KLASYFIKACJA DZIESIĘTNA - UKD
UKD 004.891
008 - POLE O STAŁEJ DŁUGOŚCI - DANE KONTROLNE
podpole kontrolne o stałej długości s pl f |000 0 pol
100 1# - NAZWA OSOBOWA
Nazwa osobowa BRYANT, Nigel
245 #0 - TYTUŁ/ODPOWIEDZIALNOŚĆ
Tytuł Managing expert systems /
Pozostałe elementy strefy tytułu i oznaczenia odpowiedzialności N.Bryant.
260 ## - STREFA ADRESU WYDAWNICZEGO
Miejsce wydania Chichester,
Data publikacji, dystrybucji/powstania dokumentu 1988.
650 #9 - HASŁO PRZEDMIOTOWE W FORMIE NAZWY OGÓLNEJ LUB JEDNOSTKOWEJ
Nazwa ogólna lub geograficzna Systemy ekspertowe
856 ## - LOKALIZACJA I DOSTĘP DO ELEKTRONICZNYCH DOKUMENTÓW ZDALNYCH
Link (URL) http://koha.tu.koszalin.pl/cgi-bin/koha/opac-detail.pl?biblionumber=28775
Tekst linku Katalog online BPK
942 ## - DODATKOWE ELEMENTY (KOHA)
Typ dokumentu Książka
Egzemplarze
Wycofany Status egzemplarza Uszkodzony Dostępność Lokalizacja stała Lokalizacja bieżąca Miejsce przechowywania Sygnatura Kod kreskowy Ostatnio wypożyczono Typ dokumentu
      Dostępny Biblioteka Politechniki Koszalińskiej Biblioteka Politechniki Koszalińskiej Wypożyczalnia BG 34668 01174687 27.03.2017 Książka
© 2023 Biblioteka Politechniki Koszalińskiej :: KOHA